Some Cambridge Controversies in the Theory of Capital (Record no. 613009)

MARC details
000 -LEADER
fixed length control field 00339nam a2200121 a 4500
008 - FIXED-LENGTH DATA ELEMENTS--GENERAL INFORMATION
fixed length control field 260217s2026##################000#0#eng##
020 ## - INTERNATIONAL STANDARD BOOK NUMBER
ISBN 9780521096720
082 04 - DEWEY DECIMAL CLASSIFICATION NUMBER
Classification number 330.122
Item number HAR
100 ## - MAIN ENTRY--AUTHOR NAME
Personal name Harcourt G.C
245 10 - TITLE STATEMENT
Title Some Cambridge Controversies in the Theory of Capital
Statement of responsibility, etc / G.C Harcourt
942 ## - ADDED ENTRY ELEMENTS (KOHA)
Koha item type English Books
Holdings
Withdrawn status Lost status Damaged status Not for loan Home library Current library Shelving location Date acquired Full call number Accession Number Price effective from Koha item type
        Anna Centenary Library Anna Centenary Library 4TH FLOOR, A WING 17.02.2026 330.122 HAR 235750 17.02.2026 English Books

Find us on the map